LEADER 04493 am 22007333u 450 001 9910293146203321 005 20200705141947.0 010 $a3-319-64731-8 024 7 $a10.1007/978-3-319-64731-9 035 $a(CKB)4100000001382307 035 $a(DE-He213)978-3-319-64731-9 035 $a(MiAaPQ)EBC5589221 035 $a(Au-PeEL)EBL5589221 035 $a(OCoLC)1031321813 035 $a(MiAaPQ)EBC6367968 035 $a(Au-PeEL)EBL6367968 035 $a(OCoLC)1229459423 035 $a(EXLCZ)994100000001382307 100 $a20171204d2018 u| 0 101 0 $aeng 135 $aurnn#008mamaa 181 $ctxt$2rdacontent 182 $cc$2rdamedia 183 $acr$2rdacarrier 200 10$aEthics Dumping$b[electronic resource] $eCase Studies from North-South Research Collaborations /$fedited by Doris Schroeder, Julie Cook, François Hirsch, Solveig Fenet, Vasantha Muthuswamy 205 $a1st ed. 2018. 210 1$aCham :$cSpringer International Publishing :$cImprint: Springer,$d2018. 215 $a1 online resource (XIII, 134 p.) 225 1 $aSpringerBriefs in Research and Innovation Governance,$x2452-0519 311 $a3-319-64730-X 327 $aEthics Dumping: Introduction -- Social Science Research in a Humanitarian Emergency Context -- International Genomics Research Involving the San People -- Sex Workers Involved in HIV/AIDS Research -- Cervical Cancer Screening in India -- Ebola Vaccine Trials.-Hepatitis B Study with Gender Inequities -- Healthy Volunteers in Clinical Studies.-An International Collaborative Genetic Research Project Conducted in China -- The Use of Non-human Primates in Research.-Human Food Trial of a Transgenic Fruit -- ICT and Mobile Data for Health Research -- Safety and Security Risks of CRISPR/Cas9 -- Seeking Retrospective Approval for a Study in Resource-Constrained Liberia -- Legal and Ethical Issues of Justice: Global and Local -- Perspectives on Compensation for Serious Adverse Events in Clinical Trials. . 330 $aThis book is published under a CC BY 4.0 license. This book provides original, up-to-date case studies of ?ethics dumping? that were largely facilitated by loopholes in the ethics governance of low and middle-income countries. It is instructive even to experienced researchers since it provides a voice to vulnerable populations from the forementioned countries. Ensuring the ethical conduct of North-South collaborations in research is a process fraught with difficulties. The background conditions under which such collaborations take place include extreme differentials in available income and power, as well as a past history of colonialism, while differences in culture can add a new layer of complications. In this context, up-to-date case studies of unethical conduct are essential for research ethics training. 410 0$aSpringerBriefs in Research and Innovation Governance,$x2452-0519 606 $aResearch?Moral and ethical aspects 606 $aSocial justice 606 $aHuman rights 606 $aBioethics 606 $aEconomic development 606 $aResearch Ethics$3https://scigraph.springernature.com/ontologies/product-market-codes/E14040 606 $aSocial Justice, Equality and Human Rights$3https://scigraph.springernature.com/ontologies/product-market-codes/X33070 606 $aBioethics$3https://scigraph.springernature.com/ontologies/product-market-codes/E14010 606 $aDevelopment Studies$3https://scigraph.springernature.com/ontologies/product-market-codes/913000 615 0$aResearch?Moral and ethical aspects. 615 0$aSocial justice. 615 0$aHuman rights. 615 0$aBioethics. 615 0$aEconomic development. 615 14$aResearch Ethics. 615 24$aSocial Justice, Equality and Human Rights. 615 24$aBioethics. 615 24$aDevelopment Studies. 676 $a174.9 702 $aSchroeder$b Doris$4edt$4http://id.loc.gov/vocabulary/relators/edt 702 $aCook$b Julie$4edt$4http://id.loc.gov/vocabulary/relators/edt 702 $aHirsch$b François$4edt$4http://id.loc.gov/vocabulary/relators/edt 702 $aFenet$b Solveig$4edt$4http://id.loc.gov/vocabulary/relators/edt 702 $aMuthuswamy$b Vasantha$4edt$4http://id.loc.gov/vocabulary/relators/edt 801 0$bMiAaPQ 801 1$bMiAaPQ 801 2$bMiAaPQ 906 $aBOOK 912 $a9910293146203321 996 $aEthics Dumping$92126399 997 $aUNINA LEADER 03580nam 22006853u 450 001 9910502977503321 005 20250628110036.0 010 $a3-662-64140-2 035 $a(CKB)5090000000004667 035 $aEBL6747568 035 $a(OCoLC)1313892311 035 $a(AU-PeEL)EBL6747568 035 $a(MiAaPQ)EBC6747568 035 $a(oapen)https://directory.doabooks.org/handle/20.500.12854/72235 035 $a(PPN)258303301 035 $a(ODN)ODN0010067189 035 $a(oapen)doab72235 035 $a(EXLCZ)995090000000004667 100 $a20220617d2021|||| uy 0 101 0 $aeng 135 $aur|n|---||||| 181 $ctxt$2rdacontent 182 $cc$2rdamedia 183 $acr$2rdacarrier 200 10$aAVENUE21. Connected and Automated Driving /$fMathias Mitteregger [et al.] 210 $aBerlin, Heidelberg $cSpringer Berlin / Heidelberg$d2021 215 $a1 online resource xiv, 179 pages $cillustrations (some color) 300 $aDescription based upon print version of record. 311 1 $a3-662-64139-9 327 $aConnected and automated transport Approach and key areas of focus Status quo Connected and automated transport in the Long Level 4 Shaping change at the local level during the transition period Action plans Research team Bibliography 330 $a"This open access publication examines the impact of connected and automated vehicles on the European city and the conditions that can enable this technology to make a positive contribution to urban development. The authors argue for two theses that have thus far received little attention in scientific discourse: as connected and automated vehicles will not be ready for use in all parts of the city for a long time, previously assumed effects - from traffic safety to traffic performance as well as spatial effects - will need to be re-evaluated. To ensure this technology has a positive impact on the mobility of the future, transport and settlement policy regulations must be adapted and further developed. Established territorial, institutional and organizational boundaries must be investigated and challenged quickly. Despite - or, indeed, because of - the many uncertainties, we find ourselves at the beginning of a new design phase, not only in terms of technology development, but also regarding politics, urban planning, administration and civil society."-- Provided by publisher 517 0 $aAVENUE21. Connected and Automated Driving 606 $aAutomated vehicles 606 $aAutomated vehicles$zEurope 606 $aIntelligent transportation systems 606 $aIntelligent transportation systems$zEurope 606 $aTransportation$xAutomation 606 $aUrban transportation$xPlanning 615 0$aAutomated vehicles. 615 0$aAutomated vehicles 615 0$aIntelligent transportation systems. 615 0$aIntelligent transportation systems 615 0$aTransportation$xAutomation. 615 0$aUrban transportation$xPlanning. 686 $aTEC009090$2bisacsh 700 $aMitteregger$b Mathias$0862621 701 $aBruck$b Emilia M$01073646 701 $aSoteropoulos$b Aggelos$01073647 701 $aStickler$b Andrea$01073648 701 $aBerger$b Marti?n$00 701 $aDangschat$b Jens$0274349 701 $aScheuvens$b Rudolf$01073649 701 $aBanerjee$b Ian$01073650 801 0$bAU-PeEL 801 1$bAU-PeEL 801 2$bAU-PeEL 906 $aBOOK 912 $a9910502977503321 996 $aAVENUE21. Connected and Automated Driving$92870261 997 $aUNINA